Statistics for All NCAA Schools in California

Click here to take the quiz!

General Stats

  • This quiz has been taken 27 times
  • The average score is 28 of 58

Answer Stats

DivisionConferenceCityNicknameAnswer% Correct
IPac-12BerkeleyGolden BearsUniversity of California
100%
IPac-12Los AngelesTrojansUniversity of Southern California (USC)
100%
IPac-12Los AngelesBruinsUniv. of California, Los Angeles (UCLA)
100%
IPac-12StanfordCardinalStanford University
96%
IWest CoastSan DiegoTorerosUniversity of San Diego
96%
IBig WestLa JollaTritonsUniv. of California, San Diego
96%
IBig WestFullertonTitansCal State Univ. Fullerton
92%
IMountain WestFresnoBulldogsFresno State University
92%
IWest CoastSan FranciscoDonsUniversity of San Francisco
92%
IBig WestDavisAggiesUniv. of California, Davis
92%
IBig WestSanta BarbaraGauchosUniv. of California, Santa Barbara
92%
IBig westNorthridgeMatadorsCal State Univ. Northridge
88%
IMountain WestSan DiegoAztecsSan Diego State University
88%
IMountain WestSan JoseSpartansSan Jose State University
88%
IBig WestIrvineAnteatersUniv. of California, Irvine
88%
IBig WestRiversideHighlandersUniv. of California, Riverside
88%
IBig WestBakersfieldRoadrunnersCal State Univ. Bakersfield
83%
IWest CoastSanta ClaraBroncosSanta Clara University
83%
IBig WestLong BeachBeachLong Beach State
79%
IBig SkySacramentoHornetsSacramento State
67%
IBig WestSan Luis ObispoMustangsCal Polytechnic State University (Cal Poly)
63%
IIICoast-to-CoastSanta CruzBanana SlugsUniv. of California, Santa Cruz
58%
IICCAAPomonaBroncosCal State Polytechnic, Pomona
54%
IIISCIACClaremontSagehensPomona-Pitzer Colleges
54%
IICCAAChicoWildcatsCal State Univ. Chico
50%
IIISCIACClaremontStagsClaremont Mudd Scripps
50%
IWest CoastMalibuWavesPepperdine University
50%
IWest CoastLos AngelesLionsLoyola Marymount University
46%
IIISCIACRedlandsBulldogsUniversity of Redlands
46%
IWest CoastStocktonTigersUniversity of the Pacific
46%
IIISCIACWhittierPoetsWhittier College
46%
IICCAALos AngelesGolden EaglesCal State Univ. Los Angeles
42%
IICCAASan BernardinoCoyotesCal State Univ. San Bernardino
42%
IWest CoastMoragaGaelsSt. Mary's College
42%
IICCAASan FranciscoGatorsSan Francisco State University
38%
IIISCIACLa VerneLeopardsUniversity of La Verne
38%
IIISCIACPasadenaBeaversCalifornia Institute of Technology (Cal Tech)
33%
IICCAASan MarcosCougarsCal State Univ. San Marcos
33%
IIPacific WestAzusaCougarsAzusa Pacific University
25%
IWACRiversideLancersCalifornia Baptist University
21%
IICCAAArcataLumberjacksHumboldt State University
17%
IIPacific WestSan FranciscoUrban KnightsAcademy of Art University
13%
IIISCIACOrangePanthersChapman University
13%
IIISCIACLos AngelesTigersOccidental College
13%
IICCAARohnert ParkSeawolvesSonoma State University
13%
IIPacific WestLa MiradaEaglesBiola University
8%
IIISCIACThousand OaksKingsmenCalifornia Lutheran University
8%
IICCAACarsonTorosCal State Univ. Dominguez Hills
8%
IICCAAHaywardPioneersCal State Univ. East Bay
8%
IIICoast-to-CoastOaklandCyclonesMills College
8%
IICCAASeasideOttersCal State Univ. Monterey Bay
4%
IIPacific WestIrvineEaglesConcordia University Irvine
4%
IIPacific WestSan RafaelPenguinsDominican University of California
4%
IIPacific WestSan DiegoSea LionsPoint Loma Nazarene University
4%
IICCAATurlockWarriorsCal State Univ. Stanislaus
0%
IIPacific WestFresnoSunbirdsFresno Pacific University
0%
IIPacific WestOaklandHawksHoly Names University
0%
IIPacific WestBelmontArgonautsNotre Dame de Namur University
0%

Score Distribution

Percentile by Number Answered

Percent of People with Each Score

Your Score History

You have not taken this quiz